<?xml version="1.0" encoding="UTF-8"?>
<record
    xmlns:xsi="http://www.w3.org/2001/XMLSchema-instance"
    xsi:schemaLocation="http://www.loc.gov/MARC21/slim http://www.loc.gov/standards/marcxml/schema/MARC21slim.xsd"
    xmlns="http://www.loc.gov/MARC21/slim">

  <leader>01225nam a22002777a 4500</leader>
  <controlfield tag="005">20170218020002.0</controlfield>
  <controlfield tag="008">041002s2005    ck ab  gr     00110 spa d</controlfield>
  <datafield tag="020" ind1=" " ind2=" ">
    <subfield code="a">9588151473</subfield>
  </datafield>
  <datafield tag="041" ind1="0" ind2=" ">
    <subfield code="a">spa</subfield>
  </datafield>
  <datafield tag="044" ind1=" " ind2=" ">
    <subfield code="a">ck</subfield>
  </datafield>
  <datafield tag="082" ind1="0" ind2="4">
    <subfield code="a">584.0986</subfield>
    <subfield code="b">L69p</subfield>
  </datafield>
  <datafield tag="245" ind1="0" ind2="0">
    <subfield code="a">Libro rojo de plantas de Colombia : </subfield>
    <subfield code="b">Vol. 2 Palmas, frailejones y zamias / </subfield>
    <subfield code="c">Eduardo Calder&#xF3;n y Gloria Galeano, editores ; ilustraci&#xF3;n Henry Arellano ... [et. al.].</subfield>
  </datafield>
  <datafield tag="260" ind1="3" ind2=" ">
    <subfield code="a">Bogot&#xE1;</subfield>
    <subfield code="b">Ministerio de Ambiente, Vivienda y Desarrollo Territorial</subfield>
    <subfield code="b">Instituto de Investigaci&#xF3;n de Recursos Biol&#xF3;gicos Alexander Von Humboldt</subfield>
    <subfield code="b">Universidad Nacional de Colombia. Instituto de Ciencias Naturales, </subfield>
    <subfield code="c">2005.</subfield>
  </datafield>
  <datafield tag="300" ind1=" " ind2=" ">
    <subfield code="a">454 p. : </subfield>
    <subfield code="b">il., mapas ; </subfield>
    <subfield code="c">22 cm.</subfield>
  </datafield>
  <datafield tag="504" ind1=" " ind2=" ">
    <subfield code="a">Incluye bibliograf&#xED;as e &#xED;ndice.</subfield>
  </datafield>
  <datafield tag="650" ind1=" " ind2="4">
    <subfield code="a">Especies en peligro</subfield>
    <subfield code="z"> Colombia.</subfield>
    <subfield code="9">25272</subfield>
  </datafield>
  <datafield tag="650" ind1=" " ind2=" ">
    <subfield code="a">Palmas</subfield>
    <subfield code="x"> Cultivo</subfield>
    <subfield code="z"> Colombia.</subfield>
    <subfield code="9">25273</subfield>
  </datafield>
  <datafield tag="650" ind1=" " ind2=" ">
    <subfield code="a">Espeletiinae</subfield>
    <subfield code="x"> Cultivo</subfield>
    <subfield code="z"> Colombia.</subfield>
    <subfield code="9">25274</subfield>
  </datafield>
  <datafield tag="650" ind1=" " ind2=" ">
    <subfield code="a">Zamia</subfield>
    <subfield code="x"> Cultivo</subfield>
    <subfield code="z"> Colombia.</subfield>
    <subfield code="9">25275</subfield>
  </datafield>
  <datafield tag="650" ind1=" " ind2=" ">
    <subfield code="a">Bot&#xE1;nica</subfield>
    <subfield code="z"> Colombia.</subfield>
    <subfield code="9">25276</subfield>
  </datafield>
  <datafield tag="700" ind1="1" ind2="2">
    <subfield code="a">Calder&#xF3;n, Eduardo</subfield>
    <subfield code="e">ed.</subfield>
    <subfield code="9">4761</subfield>
  </datafield>
  <datafield tag="700" ind1="1" ind2="2">
    <subfield code="a">Galeano, Gloria, </subfield>
    <subfield code="e">ed.</subfield>
    <subfield code="9">443</subfield>
  </datafield>
  <datafield tag="700" ind1="1" ind2="2">
    <subfield code="a">Garc&#xED;a, N&#xE9;stor, </subfield>
    <subfield code="e">ed.</subfield>
    <subfield code="9">25277</subfield>
  </datafield>
  <datafield tag="700" ind1="1" ind2="2">
    <subfield code="a">Arellano, Henry, </subfield>
    <subfield code="e">il.</subfield>
    <subfield code="9">25278</subfield>
  </datafield>
  <datafield tag="942" ind1=" " ind2=" ">
    <subfield code="2">ddc</subfield>
    <subfield code="c">LIBRO</subfield>
    <subfield code="0">18</subfield>
  </datafield>
  <datafield tag="999" ind1=" " ind2=" ">
    <subfield code="c">8582</subfield>
    <subfield code="d">8582</subfield>
  </datafield>
  <datafield tag="952" ind1=" " ind2=" ">
    <subfield code="0">0</subfield>
    <subfield code="1">0</subfield>
    <subfield code="2">ddc</subfield>
    <subfield code="4">0</subfield>
    <subfield code="7">0</subfield>
    <subfield code="8">HUMBOLDT</subfield>
    <subfield code="I">INV2017</subfield>
    <subfield code="a">Bogota</subfield>
    <subfield code="b">Bogota</subfield>
    <subfield code="d">2014-07-31</subfield>
    <subfield code="e">Instituto</subfield>
    <subfield code="g">20000.00</subfield>
    <subfield code="l">8</subfield>
    <subfield code="o">IAVH-584.0986 L69p</subfield>
    <subfield code="p">029391</subfield>
    <subfield code="r">2018-02-19 00:00:00</subfield>
    <subfield code="s">2018-02-19</subfield>
    <subfield code="t">V. 2 Ej. 1</subfield>
    <subfield code="w">2014-07-31</subfield>
    <subfield code="x">Institucional</subfield>
    <subfield code="y">LIBRO</subfield>
  </datafield>
  <datafield tag="952" ind1=" " ind2=" ">
    <subfield code="0">0</subfield>
    <subfield code="1">0</subfield>
    <subfield code="2">ddc</subfield>
    <subfield code="4">0</subfield>
    <subfield code="7">0</subfield>
    <subfield code="8">HUMBOLDT</subfield>
    <subfield code="I">INV2017</subfield>
    <subfield code="a">Bogota</subfield>
    <subfield code="b">Bogota</subfield>
    <subfield code="d">2014-07-31</subfield>
    <subfield code="e">Instituto</subfield>
    <subfield code="g">20000.00</subfield>
    <subfield code="l">3</subfield>
    <subfield code="o">IAVH-584.0986 L69p</subfield>
    <subfield code="p">022064</subfield>
    <subfield code="r">2017-02-17 00:00:00</subfield>
    <subfield code="s">2017-02-17</subfield>
    <subfield code="t">V. 2 Ej. 2</subfield>
    <subfield code="w">2014-07-31</subfield>
    <subfield code="x">Institucional</subfield>
    <subfield code="y">LIBRO</subfield>
  </datafield>
  <datafield tag="952" ind1=" " ind2=" ">
    <subfield code="0">0</subfield>
    <subfield code="1">0</subfield>
    <subfield code="2">ddc</subfield>
    <subfield code="4">0</subfield>
    <subfield code="7">0</subfield>
    <subfield code="8">HUMBOLDT</subfield>
    <subfield code="I">INV2017</subfield>
    <subfield code="a">Bogota</subfield>
    <subfield code="b">Bogota</subfield>
    <subfield code="d">2014-07-31</subfield>
    <subfield code="e">Instituto</subfield>
    <subfield code="g">20000.00</subfield>
    <subfield code="l">2</subfield>
    <subfield code="o">IAVH-584.0986 L69p</subfield>
    <subfield code="p">022065</subfield>
    <subfield code="r">2017-02-17 00:00:00</subfield>
    <subfield code="s">2017-02-17</subfield>
    <subfield code="t">V. 2 Ej. 3</subfield>
    <subfield code="w">2014-07-31</subfield>
    <subfield code="x">Institucional</subfield>
    <subfield code="y">LIBRO</subfield>
  </datafield>
  <datafield tag="952" ind1=" " ind2=" ">
    <subfield code="0">0</subfield>
    <subfield code="1">0</subfield>
    <subfield code="2">ddc</subfield>
    <subfield code="4">0</subfield>
    <subfield code="7">0</subfield>
    <subfield code="8">HUMBOLDT</subfield>
    <subfield code="I">INV2017</subfield>
    <subfield code="a">Bogota</subfield>
    <subfield code="b">Bogota</subfield>
    <subfield code="d">2014-07-31</subfield>
    <subfield code="e">Instituto</subfield>
    <subfield code="g">20000.00</subfield>
    <subfield code="l">4</subfield>
    <subfield code="o">IAVH-584.0986 L69p</subfield>
    <subfield code="p">022063</subfield>
    <subfield code="r">2016-02-18 00:00:00</subfield>
    <subfield code="s">2016-02-18</subfield>
    <subfield code="t">V. 2 Ej. 4</subfield>
    <subfield code="w">2014-07-31</subfield>
    <subfield code="x">Institucional</subfield>
    <subfield code="y">LIBRO</subfield>
  </datafield>
  <datafield tag="952" ind1=" " ind2=" ">
    <subfield code="0">0</subfield>
    <subfield code="1">0</subfield>
    <subfield code="2">ddc</subfield>
    <subfield code="4">0</subfield>
    <subfield code="7">0</subfield>
    <subfield code="8">HUMBOLDT</subfield>
    <subfield code="I">INV2017</subfield>
    <subfield code="a">Venado</subfield>
    <subfield code="b">Venado</subfield>
    <subfield code="d">2014-09-19</subfield>
    <subfield code="e">Instituto</subfield>
    <subfield code="g">20000.00</subfield>
    <subfield code="l">0</subfield>
    <subfield code="o">IAVH-584.0986 L69p</subfield>
    <subfield code="p">022061</subfield>
    <subfield code="r">2014-09-19 00:00:00</subfield>
    <subfield code="t">V.2 Ej. 5</subfield>
    <subfield code="w">2014-09-19</subfield>
    <subfield code="x">Institucional</subfield>
    <subfield code="y">LIBRO</subfield>
  </datafield>
  <datafield tag="952" ind1=" " ind2=" ">
    <subfield code="0">0</subfield>
    <subfield code="1">0</subfield>
    <subfield code="2">ddc</subfield>
    <subfield code="4">0</subfield>
    <subfield code="7">0</subfield>
    <subfield code="8">HUMBOLDT</subfield>
    <subfield code="I">INV2017</subfield>
    <subfield code="a">Venado</subfield>
    <subfield code="b">Venado</subfield>
    <subfield code="d">2014-09-19</subfield>
    <subfield code="e">Instituto</subfield>
    <subfield code="g">20000.00</subfield>
    <subfield code="l">0</subfield>
    <subfield code="o">IAVH-584.0986 L69p</subfield>
    <subfield code="p">022062</subfield>
    <subfield code="r">2014-09-19 00:00:00</subfield>
    <subfield code="t">V.2 Ej. 6 </subfield>
    <subfield code="w">2014-09-19</subfield>
    <subfield code="x">Institucional</subfield>
    <subfield code="y">LIBRO</subfield>
  </datafield>
  <datafield tag="952" ind1=" " ind2=" ">
    <subfield code="0">0</subfield>
    <subfield code="1">0</subfield>
    <subfield code="2">z</subfield>
    <subfield code="4">0</subfield>
    <subfield code="7">0</subfield>
    <subfield code="8">BOTANICA</subfield>
    <subfield code="I">INV2017</subfield>
    <subfield code="a">Villa</subfield>
    <subfield code="b">Villa</subfield>
    <subfield code="d">2014-12-04</subfield>
    <subfield code="e">Instituto</subfield>
    <subfield code="g">20000.00</subfield>
    <subfield code="l">2</subfield>
    <subfield code="m">3</subfield>
    <subfield code="o">IAVH-00222</subfield>
    <subfield code="p">022060</subfield>
    <subfield code="r">2015-09-11 00:00:00</subfield>
    <subfield code="s">2015-03-04</subfield>
    <subfield code="t">V.2 j. 7</subfield>
    <subfield code="w">2014-12-04</subfield>
    <subfield code="x">Institucional</subfield>
    <subfield code="y">LIBRO</subfield>
  </datafield>
</record>
